<?xml version="1.0" encoding="UTF-8"?><?xml-stylesheet type="text/xsl" href="static/style.xsl"?><OAI-PMH xmlns="http://www.openarchives.org/OAI/2.0/" xmlns:xsi="http://www.w3.org/2001/XMLSchema-instance" xsi:schemaLocation="http://www.openarchives.org/OAI/2.0/ http://www.openarchives.org/OAI/2.0/OAI-PMH.xsd"><responseDate>2026-04-27T20:17:00Z</responseDate><request verb="GetRecord" identifier="oai:uvadoc.uva.es:10324/44800" metadataPrefix="marc">https://uvadoc.uva.es/oai/request</request><GetRecord><record><header><identifier>oai:uvadoc.uva.es:10324/44800</identifier><datestamp>2025-03-26T19:45:18Z</datestamp><setSpec>com_10324_35623</setSpec><setSpec>com_10324_5186</setSpec><setSpec>com_10324_29291</setSpec><setSpec>col_10324_44799</setSpec></header><metadata><record xmlns="http://www.loc.gov/MARC21/slim" xmlns:doc="http://www.lyncode.com/xoai" xmlns:xsi="http://www.w3.org/2001/XMLSchema-instance" xmlns:dcterms="http://purl.org/dc/terms/" xsi:schemaLocation="http://www.loc.gov/MARC21/slim http://www.loc.gov/standards/marcxml/schema/MARC21slim.xsd">
<leader>00925njm 22002777a 4500</leader>
<datafield tag="042" ind1=" " ind2=" ">
<subfield code="a">dc</subfield>
</datafield>
<datafield tag="720" ind1=" " ind2=" ">
<subfield code="a">Arroyo Martínez, Laura</subfield>
<subfield code="e">author</subfield>
</datafield>
<datafield tag="260" ind1=" " ind2=" ">
<subfield code="c">2020</subfield>
</datafield>
<datafield tag="520" ind1=" " ind2=" ">
<subfield code="a">Uno de los cambios más profundos que ha vivido el mercado editorial en los últimos años ha sido la llegada del libro electrónico. En este artículo se estudia la valoración y el uso que los estudiantes universitarios de las titulaciones de Humanidades realizan del mismo. Los resultados obtenidos son de extraordinario interés para saber cómo leen nuestros estudiantes y cómo las nuevas tecnologías les acercan a nuevas formas de lectura.</subfield>
</datafield>
<datafield tag="024" ind2=" " ind1="8">
<subfield code="a">Ogigia. Revista Electrónica de Estudios Hispánicos; Núm. 28 (2020): Monográfico: Historia material e inmaterial del libro pags. 337-354</subfield>
</datafield>
<datafield tag="024" ind2=" " ind1="8">
<subfield code="a">1887-3731</subfield>
</datafield>
<datafield tag="024" ind2=" " ind1="8">
<subfield code="a">http://uvadoc.uva.es/handle/10324/44800</subfield>
</datafield>
<datafield tag="024" ind2=" " ind1="8">
<subfield code="a">10.24197/ogigia.28.2020.337-354</subfield>
</datafield>
<datafield tag="024" ind2=" " ind1="8">
<subfield code="a">337</subfield>
</datafield>
<datafield tag="024" ind2=" " ind1="8">
<subfield code="a">28</subfield>
</datafield>
<datafield tag="024" ind2=" " ind1="8">
<subfield code="a">354</subfield>
</datafield>
<datafield tag="245" ind1="0" ind2="0">
<subfield code="a">Percepciones sobre el e-book en estudiantes universitarios de los grados de Humanidades: uso y valoración</subfield>
</datafield>
</record></metadata></record></GetRecord></OAI-PMH>